000 00633nam a2200241Ia 4500
003 OSt
005 20221007074901.0
006 a|||||r|||| 00| 0
007 ta
008 221006b |||||||| |||| 00| 0 eng d
024 _a7,477
037 _cTextual
040 _aFLL
_cFLL
_beng
041 _2eng
_aeng
082 _aY:356(Q2:427), N6
100 _aBhatnagar J.P.
245 0 _aDowry prohibition act, 1961
250 _a3rd
260 _aNew Delhi
_bAshoka Law House India
_c1996
300 _axlii,850p
_ccm.
942 _hY:356(Q2:427), N6
_cTEXL
_2CC
999 _c1154024
_d1154024